Capitals of Spanish Speaking Countries Quiz Stats

Quiz not verified by Sporcle

Challenge
Share
Tweet
Embed
Score 0/20 Timer 10:00
0 Plays Today
% Correct
Mexico DF
90.5%
Panama City
87.2%
San Salvador
86.2%
Guatemala
85.4%
Madrid
83.9%
Santo Domingo
81.7%
Lima
81%
Buenos Aires
76.3%
Managua
73.6%
Bogotá
71.8%
% Correct
La Havana
70.4%
San Juan
70.1%
San José
69.6%
Quito
69.5%
Caracas
69.4%
Tegucigalpa
69.1%
Santiago
69%
La Paz / Sucre
66.8%
Montevideo
65.5%
Asunción
63%

You're not logged in!

Compare scores with friends on all Sporcle quizzes.
Sign Up with Email
OR
Log In

You Might Also Like...

Show Comments

Extras

Top Quizzes Today


Score Distribution

Your Account Isn't Verified!

In order to create a playlist on Sporcle, you need to verify the email address you used during registration. Go to your Sporcle Settings to finish the process.